000 00737nam a2200181Ia 4500
005 20260429112247.0
008 260429s9999||||xx |||||||||||||| ||und||
020 _a9788170546528
041 _aHindi
082 _a294.5922
_bSUR
100 _aसूर्यवंशी, वाल्मीक दशरथ
245 0 _aस्वातंत्र्योत्तर हिन्दी काव्य में रामायण के प्रमुख पात्र /
_cवाल्मीक दशरथ सूर्यवंशी
250 _a1st ed.
260 _aनई दिल्ली :
_bक्लासिक प्रकाशक,
_c2013.
300 _aXiii, 430 p.; Hb
650 _aReligion
942 _cTB
999 _c53177
_d53177